|
|
|
|
| LEADER |
00000cam a2200000M 4500 |
| 001 |
JSTOR_on1301903521 |
| 003 |
OCoLC |
| 005 |
20231005004200.0 |
| 006 |
m d |
| 007 |
cr ||||||||||| |
| 008 |
220304s2020 xx o ||| 0 spa d |
| 040 |
|
|
|a YDX
|b eng
|c YDX
|d JSTOR
|d OCLCO
|d OCLCF
|d OCLCO
|d EBLCP
|d DGITA
|d OCLCQ
|d OCLCO
|
| 019 |
|
|
|a 1301450560
|a 1301484375
|a 1301772407
|
| 020 |
|
|
|a 9587324439
|q (electronic bk.)
|
| 020 |
|
|
|a 9789587324433
|q (electronic bk.)
|
| 035 |
|
|
|a (OCoLC)1301903521
|z (OCoLC)1301450560
|z (OCoLC)1301484375
|z (OCoLC)1301772407
|
| 037 |
|
|
|a 22573/ctv2ckqcw9
|b JSTOR
|
| 050 |
|
4 |
|a TK5103.7
|
| 082 |
0 |
4 |
|a 621.382
|2 23
|
| 049 |
|
|
|a UAMI
|
| 100 |
1 |
|
|a RAMIREZ VIAFARA, JESUS MAURICIO; ROMO ROMERO, HARO.
|
| 245 |
1 |
0 |
|a Telecomunicaciones digitales
|h [electronic resource].
|
| 260 |
|
|
|a [S.l.] :
|b UNIVERSIDAD DEL CAUCA,
|c 2020.
|
| 300 |
|
|
|a 1 online resource
|
| 590 |
|
|
|a JSTOR
|b Books at JSTOR Demand Driven Acquisitions (DDA)
|
| 590 |
|
|
|a JSTOR
|b Books at JSTOR All Purchased
|
| 650 |
|
0 |
|a Digital communications.
|
| 650 |
|
0 |
|a Telecommunication.
|
| 650 |
|
2 |
|a Telecommunications
|
| 650 |
|
6 |
|a Transmission numérique.
|
| 650 |
|
6 |
|a Télécommunications.
|
| 650 |
|
7 |
|a telecommunications.
|2 aat
|
| 650 |
|
7 |
|a Digital communications
|2 fast
|
| 650 |
|
7 |
|a Telecommunication
|2 fast
|
| 856 |
4 |
0 |
|u https://jstor.uam.elogim.com/stable/10.2307/j.ctv2cmrb07
|z Texto completo
|
| 938 |
|
|
|a Digitalia Publishing
|b DGIT
|n DIGUCAUCA0120
|
| 938 |
|
|
|a ProQuest Ebook Central
|b EBLB
|n EBL29238916
|
| 938 |
|
|
|a YBP Library Services
|b YANK
|n 302745596
|
| 994 |
|
|
|a 92
|b IZTAP
|